ბათუმის შოთა რუსთაველის სახელმწიფო უნივერსიტეტის ბიბლიოთეკა

Капельный метод анализа вирусов в растениеводстве (ბიბ.ჩანაწერი № 46083)

000 -LEADER
fixed length control field 00635nam a2200205Ia 4500
001 - CONTROL NUMBER
control field 12913
003 - CONTROL NUMBER IDENTIFIER
control field GE_BSU
008 - FIXED-LENGTH DATA ELEMENTS--GENERAL INFORMATION
fixed length control field 181216s||||||||xx |||||||||||||| ||und||
040 ## - CATALOGING SOURCE
Transcribing agency GE_BSU
080 ## - UNIVERSAL DECIMAL CLASSIFICATION NUMBER
Universal Decimal Classification number 632.9(072)
100 ## - MAIN ENTRY--PERSONAL NAME
Personal name Дунин,М.С.Попова,Н.Н.
245 ## - TITLE STATEMENT
Title Капельный метод анализа вирусов в растениеводстве
245 ## - TITLE STATEMENT
Remainder of title Вып. 13
260 ## - PUBLICATION, DISTRIBUTION, ETC.
Place of publication, distribution, etc. Москва
260 ## - PUBLICATION, DISTRIBUTION, ETC.
Name of publisher, distributor, etc. Сельхозгиз
260 ## - PUBLICATION, DISTRIBUTION, ETC.
Date of publication, distribution, etc. 1937
300 ## - PHYSICAL DESCRIPTION
Extent 187стр.20см.
653 ## - INDEX TERM--UNCONTROLLED
Uncontrolled term Капельный метод анализа вирусов в растениеводстве
942 ## - ADDED ENTRY ELEMENTS (KOHA)
Koha item type წიგნი
ეგზემპლარები
Withdrawn status Lost status Damaged status Not for loan Date acquired Barcode Date last seen Price effective from Koha item type
        2018-12-17 20927 2018-12-17 2018-12-17 წიგნი